| 000 | 00693nam a2200217 a 4500 | ||
|---|---|---|---|
| 005 | 20240320063635.0 | ||
| 008 | 160429s2005 es r 000 0 spa d | ||
| 020 | _a8426359426 | ||
| 035 | _aUPN01000209944 | ||
| 049 | _aI | ||
| 050 | 4 |
_aPZ24.9 _bS4.4 |
|
| 100 | 1 |
_aSlegers, Liesbet, _d1975- _930022 |
|
| 245 | 1 | 0 |
_aLaura en verano / _cLiesbet Slegers ; tr. P.Rozarena. |
| 260 |
_aZaragoza, Esp. : _bEdelvives, _c2005. |
||
| 300 |
_a[26] p. : _bil. col. |
||
| 440 | 0 | _aLibros especiales para los más pequeños | |
| 534 |
_pTítulo original: _tKaatje in de zomer |
||
| 650 | 4 |
_aCuentos infantiles belgas _910768 |
|
| 650 | 7 |
_aVacaciones _vLiteratura infantil _2 _921681 |
|
| 905 | _aInfantil | ||
| 999 |
_c182045 _d182045 |
||